| Tag |
First Indicator |
Second Indicator |
Subfields |
| LEADER |
00000cam a2200000 a 4500 |
| 001 |
in00000017568 |
| 005 |
20151007053439.0 |
| 008 |
861125s1987 enk b 00110 eng |
| 010 |
|
|
|a 86031758
|
| 020 |
|
|
|a 0521334985
|
| 020 |
|
|
|a 0521336910 (pbk.)
|
| 035 |
|
|
|a (OCoLC)14967274
|
| 035 |
|
|
|9 AAB1676AM
|
| 040 |
|
|
|a DLC
|c DLC
|d TXA
|d UtOrBLW
|
| 049 |
|
|
|a TXAM
|c [A11096320]
|
| 050 |
0 |
0 |
|a QC174.12
|b .G52 1987
|
| 082 |
0 |
|
|a 530.1/2
|2 19
|
| 100 |
1 |
|
|a Gibbins, Peter.
|
| 245 |
1 |
0 |
|a Particles and paradoxes :
|b the limits of quantum logic /
|c Peter Gibbins.
|
| 264 |
|
1 |
|a Cambridge [Cambridgeshire] ;
|a New York :
|b Cambridge University Press,
|c 1987.
|
| 300 |
|
|
|a xi, 181 pages ;
|c 23 cm.
|
| 336 |
|
|
|a text
|b txt
|2 rdacontent
|
| 337 |
|
|
|a unmediated
|b n
|2 rdamedia
|
| 338 |
|
|
|a volume
|b nc
|2 rdacarrier
|
| 504 |
|
|
|a Bibliography: pages [175]-178.
|
| 500 |
|
|
|a Includes index.
|
| 650 |
|
0 |
|a Quantum theory
|x Philosophy.
|
| 650 |
|
0 |
|a Physics
|x Philosophy.
|
| 999 |
|
|
|a MARS
|
| 999 |
f |
f |
|s fb011406-4a21-3b86-8116-bdaa35862466
|i cbb09e83-7a86-32c4-87ad-31edb0b0f857
|t 0
|
| 952 |
f |
f |
|p normal
|a Texas A&M University
|b College Station
|c Sterling C. Evans Library
|d Evans: Library Stacks
|t 0
|e QC174.12 .G52 1987
|h Library of Congress classification
|i unmediated -- volume
|m A14811096320
|
| 998 |
f |
f |
|a QC174.12 .G52 1987
|t 0
|l Evans: Library Stacks
|